Statystyki dla Kraje najbliższe Togo

Kliknij tutaj aby rozwiązać quiz!

Ogólne statystyki

  • Ten quiz został rozwiązany 89 razy
  • Średni wynik to 16 z 20

Statystyki odpowiedzi

kmkraj% Poprawnych
191Niger
96%
101Nigeria
96%
875Gwinea
94%
319Côte d'Ivoire
93%
0Benin
90%
0Burkina Faso
89%
0Ghana
89%
393Mali
87%
1359Czad
86%
801Gwinea Równikowa
83%
763Kamerun
83%
1160Sierra Leone
82%
886Liberia
80%
757Mauretania
77%
1231Senegal
77%
1355Kongo
75%
925Algieria
74%
1044Gabon
74%
1395Republika
Środkowoafrykańska
62%
803Wyspy Świętego
Tomasza i Książeca
60%

Rozkład punktacji

Percentyl według liczby udzielonych odpowiedzi

Procent ludzi z każdym wynikiem

Twoja historia wyników

Nie rozwiązałeś tego quizu